Songs Named After A Country - Statistics

General Stats
  • This quiz has been taken 56 times
  • The average score is 11 of 25
Answer Stats
Hint Answer % Correct
Bruce Springsteen 1986 Born In The USA
94%
The Bangles 1986 Walk Like An Egyptian
77%
The Coasters 1956 Down In Mexico
73%
Jagger 2017 England Lost
73%
Shawn Mendes 2018 Lost in Japan
69%
Grateful Dead 1978 France
67%
The Psychedelic Furs 1980 India
67%
Van Halen 1984 Panama
60%
Robbie Williams 2016 Party Like A Russian
58%
The Beatles 1968 Back in the USSR
56%
DJ Khaled 2021 GREECE
52%
Elton John 1973 Jamaica Jerk-Off
40%
Monty Python 1987 Finland
38%
Jimi Hendrix 1968 Voodoo Chile
35%
George Harrison 1971 Bangla Desh
33%
Arcade Fire 2004 Haiti
33%
Guns N' Roses 2008 Madagascar
33%
Kim Wilde 1982 Cambodia
31%
Typically Tropical 1975 Barbados
29%
Red Hot Chili Peppers 2011 Ethiopia
29%
Human League 1984 The Lebanon
23%
Bob Dylan 1976 Mozambique
21%
Iggy Pop 2016 Paraguay
17%
Peter, Paul, and Mary 1986 El Salvador
15%
Kanye West 2005 Diamonds From Sierra Leone
8%
No matching quizzes found
Score Distribution
Percent of People with Each Score
Percentile by Number Answered
Your Score History
You have not taken this quiz